History by letter-I - Statistics

General Stats
  • This quiz has been taken 48 times
  • The average score is 14 of 25
Answer Stats
Questions Answer % Correct
2) The Emerald Isle, land of the Celtics Ireland
98%
12) Major world religion started around 610 during Muhammads time Islam
93%
17) This powerful empire ruled Peru and the Andean mountains Inca
91%
14) Period of time where ice covered much of the northern part ofthe Earth defined by glaciers Ice Age
89%
23) The kingdom of Persia is now mostly in this modern day country Iran
87%
8) Brutal grand prince of Russia and its first Tsar from1547-84 Ivan
87%
13) Dwight Eisenhowers nickname Ike
82%
15) Homers epic tale about the end of the Trojan War Iliad
80%
1) Period of technological advancementand industry in Europe during the 1800s Industrial Revolution
80%
25) The peninsula comprising Spain and Portugal Iberia
76%
9) Austrian Alpine city host of the Winter Olympics of 1964 and 76 Innsbruck
73%
10) Unofficial capital of the Scottish Highlands Inverness
73%
22) One of the most famous Egyptian goddesses, once the wife ofOsiris Isis
67%
4) Massive laboratory in space that floats abovethe Earth International Space Station
64%
3) Period of harsh famine and disease in Irelandduring the 1840s-50s Irish Potato Famine
38%
7) Government of native tribes joined together in the 1700s, also called the 5 Nations and later 6 Nations Iroquois
33%
5) Where the Liberty Bell is housed in Philadelphia Independence Hall
31%
16) Ancient Egyptian chancellor whose name means "he who comesin peace" Imhotep
29%
11) Term for world powers influencing control over territoriesaround the world thru colonization, military force, etc Imperialism
29%
20) This man is widely known for his 3 laws of motion and gravitythat revolutionized physics Issac Newton
27%
21) Major prophet of ancient Israel, Hebrew for "God is salvation" Isaiah
16%
6) Series of laws passed by the British Parliamentin 1774 to punish Massachusetts for the Boston Tea Party Intolerable Acts
13%
19) She is the Mesopotamian goddess of love and war Ishtar
11%
24) Ancient Athenian orator, known for his works such as Against theSophists, Antidosis, Panegyricus, To Philip Isocrates
4%
18) In Shinto culture, he is the God of prosperity and protector of food Inari
2%
No matching quizzes found
Score Distribution
Percent of People with Each Score
Percentile by Number Answered
Your Score History
You have not taken this quiz